header

Closing methodological divides (Record no. 49198)

MARC details
000 -LEADER
fixed length control field 01365nam a2200337 a 4500
082 04 - DEWEY DECIMAL CLASSIFICATION NUMBER
Classification number 370/.7/2
100 1# - MAIN ENTRY--AUTHOR NAME
Personal name Howe, Kenneth R.
245 10 - TITLE STATEMENT
Title Closing methodological divides
260 ## - PUBLICATION, DISTRIBUTION, ETC. (IMPRINT)
Place of publication Dordrecht ;
-- Boston :
Name of publisher Kluwer Academic,
Year of publication c2003.
300 ## - PHYSICAL DESCRIPTION
Number of Pages x, 155 p.
490 1# - SERIES STATEMENT
Series statement Philosophy and education ;
650 #0 - SUBJECT ADDED ENTRY--TOPICAL TERM
Topical Term Education
Topical Term Education
Topical Term Educational evaluation.
856 40 - ELECTRONIC LOCATION AND ACCESS
Uniform Resource Identifier http://site.ebrary.com/lib/rucke/Doc?id=10067525

No items available.

© 2026 Rongo University
Contact us: librarian | system librarian | Rongo university